Premier League Appearances by Nationality: Brazil - Statistics

General Stats
  • This quiz has been taken 25 times
  • The average score is 5 of 10
Answer Stats
Appearances Player % Correct
213 David Luiz
71%
248 Alisson
62%
256 Roberto Firmino
62%
327 Willian
62%
277 Ederson
57%
264 Fernandinho
57%
238 Gabriel Jesus
52%
264 Richarlison
33%
204 Joelinton
19%
247 Lucas Leiva
14%
No matching quizzes found
Score Distribution
Percent of People with Each Score
Percentile by Number Answered
Your Score History
You have not taken this quiz